000 00296nam a22001337a 4500
003 SGT
082 _a340,BAR
100 _aBARE ACT
245 _aTHE TRANSFER OF PROPERTY ACT, 1882
260 _aNEW DELHI
_bUNIVERSAL
_c2004
300 _a60
650 _aTRANSFER OF PROPERTY
942 _2ddc
_cBK
999 _c11264
_d11264